000 00224nam a22000857a 4500
008 160704b xxu||||| |||| 00| 0 eng d
100 _91975
_a Chaturvedi, M
245 _aHow to Play Tabla
260 _aNew Delhi
_bFusion Books
_c2003
999 _c1675
_d1675